Complex variables and applications (Record no. 7806)

000 -LEADER
fixed length control field 00528nam a2200193 4500
001 - CONTROL NUMBER
control field 7806
003 - CONTROL NUMBER IDENTIFIER
control field BD-DhUET
008 - FIXED-LENGTH DATA ELEMENTS--GENERAL INFORMATION
fixed length control field 141213b/xxu||||| |||| 00| 0 eng d
040 ## - CATALOGING SOURCE
Original cataloging agency DLC
Language of cataloging DLC
Transcribing agency BD-DhUET
082 ## - DEWEY DECIMAL CLASSIFICATION NUMBER
Edition number 1st ed.
Classification number 517.8
Item number CHU/1974
100 ## - MAIN ENTRY--PERSONAL NAME
Personal name Churchill , Ruel V.
245 ## - TITLE STATEMENT
Title Complex variables and applications
Statement of responsibility, etc. by Ruel V. Churchill
250 ## - EDITION STATEMENT
Edition statement 1st ed.
260 ## - PUBLICATION, DISTRIBUTION, ETC. (IMPRINT)
Place of publication, distribution, etc. Newyork
Name of publisher, distributor, etc. McGraw Hill
Date of publication, distribution, etc. 1974
300 ## - PHYSICAL DESCRIPTION
Extent IX, 293 p .
Other physical details col. ill.
504 ## - BIBLIOGRAPHY, ETC. NOTE
Bibliography, etc includes bibliographies
650 #0 - SUBJECT ADDED ENTRY--TOPICAL TERM
Topical term or geographic name as entry element Math complex variable
942 ## - ADDED ENTRY ELEMENTS (KOHA)
Koha item type General Book
Holdings
Koha full call number Price effective from Koha issues (times borrowed) Shelving location Source of classification or shelving scheme Withdrawn status Damaged status Sublocation or collection (holding branch) Lost status Koha normalized classification for sorting Piece designation (barcode) Location (home branch) Koha date last seen Copy number Koha item type Date acquired Koha date last borrowed Not for loan
517.8/CHU/19742014-12-13 Circulation section   Central Library, BUET 517_800000000000000_CHU_197452888Central Library, BUET2014-12-131General Book2014-12-13  
517.8/CHU/19742014-12-13 Circulation section   Central Library, BUET 517_800000000000000_CHU_197452890Central Library, BUET2014-12-132General Book2014-12-13  
517.8/CHU/19742014-12-131Circulation section   Central Library, BUET 517_800000000000000_CHU_197467791Central Library, BUET2016-12-203General Book2014-12-132016-07-13 
517.8/CHU/19742014-12-132Circulation section   Central Library, BUET 517_800000000000000_CHU_197452886Central Library, BUET2024-09-154General Book2014-12-132024-09-01 
517.8/CHU/19742014-12-13 Circulation section   Central Library, BUET 517_800000000000000_CHU_19747363Central Library, BUET2014-12-135General Book2014-12-13